01119nam a2200193Ia 4500001001100000003001000011008004100021040002500062041001300087100001200100245005900112250001100171260007800182300001200260500026000272501011400532520026000646650001900906L942-43414IT-CnALBA170116s9999||||xx |||||||||||||| ||und|| aIT-CnALBAcIT-CnALBA aITALIANO aAA. VV. 0aFASTI SVENTURE ESILIO DI NAPOLEONE BONAPARTE. VOL. I.  a1a ed. a VENEZIAbFONTANA TOMMASO c1845 [1° Ed.:1845 - Ed.Ling.Originale: 1845] a594 p.  aCXXV ILLUSTRAZIONI. NAPOLEONE, DALLA CORSICA A TOLONE. GENERALE ARMATA ITALIANA. VITTORIA CONTRO IL PIEMONTE. LOMBARDIA VENETO. IN EGITTO. GIAFFA IN SIRIA. CAIRO. PRIMO CONSOLE. SCONFITTA DELLA FLOTTA FRANCESE DA NELSON. CONSOLE A VITA. LOTTA CONTRO L'ING aSocietà San Paolo EM - Piazza San Paolo, 14 - 12051 ALBA (CN) (non commercial uses only) ® Copyright 2017 aCXXV ILLUSTRAZIONI. NAPOLEONE, DALLA CORSICA A TOLONE. GENERALE ARMATA ITALIANA. VITTORIA CONTRO IL PIEMONTE. LOMBARDIA VENETO. IN EGITTO. GIAFFA IN SIRIA. CAIRO. PRIMO CONSOLE. SCONFITTA DELLA FLOTTA FRANCESE DA NELSON. CONSOLE A VITA. LOTTA CONTRO L'ING aSTORIA MODERNA